LEADER 01340nam--2200361---450- 001 990002189730203316 005 20090521093226.0 010 $a88-13-24548-3 035 $a000218973 035 $aUSA01000218973 035 $a(ALEPH)000218973USA01 035 $a000218973 100 $a20041119d2003----km-y0enga50------ba 101 $aita 102 $aIT 105 $a||||||||001yy 200 1 $aSocietas puniri potest$ela responsabilita da reato degli enti collettivi$eatti del Convegno organizzato dalla Facolta di Giurisprudenza e dal Dipartimento di diritto comparato e penale dell'Universita di Firenze, 15-16 marzo 2002$fa cura di Francesco Palazzo 210 $aPadova$cCEDAM$d2003 215 $aVIII, 410 p.$d21 cm 606 0 $aPersone giuridiche$xResponsabilità penale 606 0 $aSocietà $xResponsabilità penale$xCongressi$yFirenze$z2002 676 $a345.0268 700 1$aPALAZZO,$bFrancesco$0237210 801 0$aIT$bsalbc$gISBD 912 $a990002189730203316 951 $aXXIX.3.C 6 (IG XI 1064)$b45459 G.$cXXIX.3.C 6 (IG XI)$d00130777 959 $aBK 969 $aGIU 979 $aACQUISTI$b10$c20041119$lUSA01$h0956 979 $aMARIASEN$b90$c20050722$lUSA01$h1629 979 $aRSIAV2$b90$c20090521$lUSA01$h0932 996 $aSocietas puniri potest$91033114 997 $aUNISA LEADER 02885nam 22007935 450 001 996308758403316 005 20231116180303.0 010 $a3-11-087996-4 024 7 $a10.1515/9783110879964 035 $a(CKB)3390000000033971 035 $a(SSID)ssj0001055774 035 $a(PQKBManifestationID)11568892 035 $a(PQKBTitleCode)TC0001055774 035 $a(PQKBWorkID)11018680 035 $a(PQKB)10013382 035 $a(MiAaPQ)EBC3044319 035 $a(DE-B1597)55836 035 $a(OCoLC)1013941544 035 $a(OCoLC)853255231 035 $a(DE-B1597)9783110879964 035 $a(oapen)https://directory.doabooks.org/handle/20.500.12854/44898 035 $a(EXLCZ)993390000000033971 100 $a20190708d2013 fg 101 0 $ager 135 $aurcnu|||||||| 181 $ctxt 182 $cc 183 $acr 200 04$aDie deutsche Staatsrechtslehre in der Zeit des Nationalsozialismus. Europäisches und nationales Verfassungsrecht. Der Staat als Wirtschaftssubjekt und Auftraggeber $eBerichte und Diskussionen auf der Tagung der Vereinigung der Deutschen Staatsrechtslehrer in Leipzig vom 4. bis 6. Oktober 2000 205 $aReprint 2013 210 $cDe Gruyter$d2001 210 1$aBerlin ;$aBoston :$cDe Gruyter,$d[2013] 210 4$d©2001 215 $a1 online resource (733 pages) 225 0 $aVeröffentlichungen der Vereinigung der Deutschen Staatsrechtslehrer ;$v60 300 $a"Berichte und Diskussionen auf der Tagung der Vereinigung der Deutschen Staatsrechtslehrer in Leipzig vom 4. bis 6. Oktober 2000." 311 $a3-11-178394-4 311 08$aversion imprimée 3-11-017192-9 320 $aIncludes bibliographical references. 606 $aConstitutional law$zGermany 606 $aPublic law$zGermany 606 $aConstitutional law$zEurope 606 $aPublic law$zEurope 606 $aState, The 610 $aconstitutional law 610 $afundamental rights 610 $ademocracy 615 0$aConstitutional law 615 0$aPublic law 615 0$aConstitutional law 615 0$aPublic law 615 0$aState, The. 676 $a342.094 686 $aPL 221$2rvk 701 $aDreier$b Horst$0483614 701 $aGrabenwarter$b Christoph$0324139 701 $aHoloubek$b Michael$0305852 701 $aHuber$b Peter M$051057 701 $aLöwer$b Wolfgang$0499118 701 $aLübbe-Wolff$b Gertrude$0780444 701 $aPauly$b Walter$0238943 701 $aPernice$b Ingolf$0247448 701 $aPuhl$b Thomas$0233821 801 0$bDE-B1597 801 1$bDE-B1597 906 $aBOOK 912 $a996308758403316 996 $aDie deutsche Staatsrechtslehre in der Zeit des Nationalsozialismus. Europäisches und nationales Verfassungsrecht. Der Staat als Wirtschaftssubjekt und Auftraggeber$91938949 997 $aUNISA LEADER 03599oam 2200805 c 450 001 9910297041803321 005 20240719185149.0 010 $a9783631751466 010 $a363175146X 024 7 $a10.3726/b13705 035 $a(CKB)4100000007276978 035 $a(OAPEN)1003030 035 $a(oapen)https://directory.doabooks.org/handle/20.500.12854/31085 035 $a(PH02)9783631751466 035 $a(MiAaPQ)EBC31850497 035 $a(Au-PeEL)EBL31850497 035 $a(ScCtBLL)8548f99a-9014-4f84-9ac0-dc59ee8dd391 035 $a(OCoLC)1163856119 035 $a(Perlego)2341002 035 $a(oapen)doab31085 035 $a(EXLCZ)994100000007276978 100 $a20240525h20182011 uy 0 101 0 $aeng 135 $aurnnunnnannuu 181 $ctxt$2rdacontent 182 $cc$2rdamedia 183 $acr$2rdacarrier 200 00$aManagement Accountants' Business Orientation and Involvement in Incentive Compensation$eEmpirical Results from a Cross-Sectional Survey$fBarbara E. Weißenberger, Sebastian Wolf 205 $a1st, New ed. 210 $aFrankfurt a.M$cPH02$d2018 210 $d2018, c2011 215 $a1 online resource (193 p.)$c, EPDF 225 0 $aControlling & Business Accounting$v6 300 $aPeter Lang GmbH, Internationaler Verlag der Wissenschaften 311 08$a9783631606872 311 08$a3631606877 327 $aContents: Management Accountants - Business Partner - Business Orientation of Management Accountants - Involvement of Management Accountants in Incentive Compensation - Theory of Reasoned Action - Empirical Study - Dyadic Research Design - Partial Least Squares - Sub-Group Analyses. 330 $aChanging roles of management accountants have been intensively discussed in business practice and academic research. The objective of this empirical study is to gain a deeper understanding of management accountants' business orientation and extended tasks. Based on data collected from the top 1,500 companies in Germany, results reveal that especially subjective norms have a strong impact on the practice of management accountants acting business-oriented. Furthermore, the results reinforce the frequently postulated positive effect of management accountants' business orientation. The analyses also show positive associations between the involvement of management accountants in incentive compensation, the effort effects of incentive schemes, and firm performance. 410 0$aControlling and Business Accounting Series 517 $aControlling & Business Accounting vol. 6 517 $aManagement Accountants? Business Orientation and Involvement in Incentive Compensation 606 $aAccounting$2bicssc 610 $aAccountants? 610 $aBusiness 610 $aCompensation 610 $aCross 610 $adyadic research design 610 $aEmpirical 610 $afrom 610 $aIncentive 610 $aIncentive compensation 610 $aInvolvement 610 $aManagement 610 $aManagement accounting 610 $aOrientation 610 $aResults 610 $aSectional 610 $aSurvey 610 $atheory of reasoned action 610 $aWolf 615 7$aAccounting 700 $aWolf$b Sebastian$4aut$0881977 702 $aWeißenberger$b Barbara E$4edt 702 $aWolf$b Sebastian$4aut 801 0$bPH02 801 1$bPH02 906 $aBOOK 912 $a9910297041803321 996 $aManagement Accountants' Business Orientation and Involvement in Incentive Compensation$94175188 997 $aUNINA